| 000 | 00462nam a2200181Ia 4500 | ||
|---|---|---|---|
| 001 | 23066 | ||
| 005 | 20260414150912.0 | ||
| 008 | 260414t2009||||xx |||||||||||||| ||spa|| | ||
| 041 | _aESP | ||
| 082 |
_a624.1833 _bI59 |
||
| 110 | _aInstituto Mexicano del Cemento y del Concreto, A.C. | ||
| 245 | 0 |
_aManual de inspector de suelo-cemento _b |
|
| 260 | _c2009 | ||
| 300 |
_a54 páginas : _c28 cm. |
||
| 650 | _a0 | ||
| 654 | _aCIC | ||
| 942 |
_cLIB _dJUS _fJUS _2ddc _n |
||
| 999 |
_c23066 _d23066 |
||